[Event "Montigny le Bretonneux op 17th"]
[Site "Montigny le Bretonneux"]
[Date "2013.05.20"]
[Round "9"]
[White "Darpoux, Danielle"]
[Black "De Romance, Flavien"]
[Result "0-1"]
[WhiteElo "1386"]
[BlackElo "1310"]
[PlyCount "60"]
[EventDate "2013.05.18"]
[EventType "swiss"]
[EventRounds "9"]
[EventCountry "FRA"]
[SourceTitle "EXT 2014"]
[Source "ChessBase"]
[SourceDate "2013.11.20"]
[SourceVersion "1"]
[SourceVersionDate "2013.11.20"]
[SourceQuality "1"]

1. e4 e5 2. Nf3 Nc6 3. Bb5 Nf6 4. Nc3 Bb4 5. 0-0 0-0 6. Bd3 d5 7. exd5 Nxd5 8. Nxd5 Qxd5 9. Re1 Bg4 10. Be4 Qd6 11. c3 Ba5 12. Qc2 f5 13. Bxc6 bxc6 14. Nxe5 Rae8 15. f4 Bb6+ 16. d4 c5 17. Be3 h6 18. h3 Bh5 19. g4 fxg4 20. hxg4 Bf7 21. Nd3 cxd4 22. Bd2 dxc3+ 23. Kf1 cxd2 24. Qxd2 Bc4 25. Rad1 Qd5 26. Qg2 Bxd3+ 27. Rxd3 Qxd3+ 28. Qe2 Rxe2 29. Rxe2 Rxf4+ 30. Ke1 Ba5+ 0-1

[Event "FRA-ch op-D"]
[Site "Caen"]
[Date "2011.08.16"]
[Round "1"]
[White "Darpoux, Danielle"]
[Black "Chanteloup, Guillaume"]
[Result "1/2-1/2"]
[WhiteElo "1380"]
[BlackElo "1499"]
[PlyCount "89"]
[EventDate "2011.08.16"]
[EventType "swiss"]
[EventRounds "9"]
[EventCountry "FRA"]
[SourceTitle "EXT 2012"]
[Source "ChessBase"]
[SourceDate "2011.11.24"]
[SourceVersion "1"]
[SourceVersionDate "2011.11.24"]
[SourceQuality "1"]

1. e4 c5 2. Nf3 d6 3. Nc3 Nf6 4. d3 g6 5. Be2 Bg7 6. 0-0 0-0 7. Rb1 Nc6 8. Be3 Ng4 9. Qd2 Nxe3 10. fxe3 Bh6 11. Nd1 Nd4 12. c3 Nxe2+ 13. Qxe2 Be6 14. c4 Bd7 15. a3 Ba4 16. b3 Bd7 17. h3 a6 18. Qf2 b5 19. d4 bxc4 20. bxc4 Rb8 21. Nc3 Qa5 22. Nd5 Rfe8 23. Qh4 Bf8 24. Ng5 h6 25. Rxb8 Rxb8 26. Nxf7 Be6 27. Nxe7+ Bxe7 28. Qxe7 Bxc4 29. Nxh6+ Kh8 30. Qf6+ Kh7 31. Qxd6 Bxf1 32. Qxb8 Qe1 33. Qg8+ Kxh6 34. Qf8+ Kh7 35. Qxf1 Qxe3+ 36. Qf2 Qc1+ 37. Kh2 c4 38. Qf7+ Kh6 39. h4 c3 40. Qg8 Qf4+ 41. Kg1 Qe3+ 42. Kf1 Qxd4 43. Qf8+ Kh7 44. Qe7+ Kh8 45. Qe8+ 1/2-1/2